000 00691nam a2200205 i 4500
001 124573
003 ES-MaACL
007 t|
008 070330s1933 sp ||||1| spa d
100 1 _aStern, Erich.
_9108125
245 1 0 _aAnormalidades mentales y educabilidad difícil de niños y jóvenes /
_cErich Stern ; traducido del alemán por Alejandro Chleusebairgue y Antonio Calero.
260 _aBarcelona :
_bLabor,
_c[1933]
300 _a244 p. ;
_c17 cm.
490 1 _aColección Labor ;
_v331
700 1 _aChleusebairgue, Alexander.
_938576
700 1 _aCalero, Antonio.
_933651
830 0 0 _aColección Labor
_v331
_9184254
852 _aES-MaACL
_jE-2817
999 _c124573
_d124573